| 000 | 01054cam a2200229 4500 | ||
|---|---|---|---|
| 001 | WB3842-15 | ||
| 008 | 021111n2002 000 0 eng u | ||
| 035 | _a(Sirsi) u120413 | ||
| 245 | 2 | _aA plague on both houses | |
| 260 | _c2002 | ||
| 490 |
_aEstates Gazette _v(0245) 9 November 2002, 152(1) |
||
| 520 | _aDiscusses the case "Clements v Simmonds" (2002) whereby the claimant (C), a statutory tenant was seeking compensation from her former landlord (S), alleging that S had regained possession under Case 9 of the Rent Act 1977, by misrepresenting to the court that she had intended to return to live in the property. The High Court ordered S to pay compensation, while also condemning both sides for lying in order to achieve their own purposes. | ||
| 590 | _aWB | ||
| 650 | _aCLEMENTS V SIMMONDS | ||
| 650 | _aRENT ACT 1977 S102 | ||
| 650 | _aCOMPENSATION | ||
| 650 | _aMEASURE OF DAMAGES | ||
| 650 | _aCLAIM FOR DAMAGES | ||
| 650 | _aORDER FOR POSSESSION | ||
| 690 | _aLANDLORD AND TENANT-RESIDENTIAL TENANCIES-CASE LAW | ||
| 942 | _n0 | ||
| 999 |
_c71546 _d71546 |
||